UM Logo

Crosstalk suppression method for GaN-based bridge configuration using negative voltage self-recovery gate drive / (Record no. 19036)

MARC details
000 -LEADER
fixed length control field 01060nam a22002417a 4500
003 - CONTROL NUMBER IDENTIFIER
control field OSt
005 - DATE AND TIME OF LATEST TRANSACTION
control field 20250911180016.0
008 - FIXED-LENGTH DATA ELEMENTS--GENERAL INFORMATION
fixed length control field 240208b ||||| |||| 00| 0 eng d
040 ## - CATALOGING SOURCE
Transcribing agency 0
082 ## - DEWEY DECIMAL CLASSIFICATION NUMBER
Classification number DPer 621.381 In821 April 2022 v. 37 n. 4
100 ## - MAIN ENTRY--PERSONAL NAME
Personal name Li, Binxing.
Relator term author.
9 (RLIN) 52015
245 ## - TITLE STATEMENT
Title Crosstalk suppression method for GaN-based bridge configuration using negative voltage self-recovery gate drive /
Statement of responsibility, etc. Binxing Li, Guoqiang Zhang, Chengrui Li, Gaolin Wang, Shaobo Liu, and Dianguo Xu.
260 ## - PUBLICATION, DISTRIBUTION, ETC. (IMPRINT)
Place of publication, distribution, etc. New York ;
Name of publisher, distributor, etc. The Institute of Electrical and Electronics Engineers, Inc. ,
Date of publication, distribution, etc. April 2022.
300 ## - PHYSICAL DESCRIPTION
Extent Volume 37, pages 4406-4418 :
Other physical details illustration ;
Dimensions 28 cm.
500 ## - GENERAL NOTE
General note IEEE Transaction on Power Electronics, vol. 37, no. 4, pages 4406-4418, April 2022.
700 ## - ADDED ENTRY--PERSONAL NAME
Personal name Li, Binxing.
Relator term author.
9 (RLIN) 52015
700 ## - ADDED ENTRY--PERSONAL NAME
Personal name Zhang, Guoqiang.
Relator term author.
9 (RLIN) 52016
700 ## - ADDED ENTRY--PERSONAL NAME
Personal name Li, Chengrui.
Relator term author.
9 (RLIN) 52017
700 ## - ADDED ENTRY--PERSONAL NAME
Personal name Wang, Gaolin.
Relator term author.
9 (RLIN) 52018
700 ## - ADDED ENTRY--PERSONAL NAME
Personal name Liu, Shaobo.
Relator term author.
9 (RLIN) 52019
700 ## - ADDED ENTRY--PERSONAL NAME
Personal name Xu, Dianguo.
Relator term author.
9 (RLIN) 52020
942 ## - ADDED ENTRY ELEMENTS (KOHA)
Source of classification or shelving scheme Dewey Decimal Classification
Koha item type Periodicals
Holdings
Withdrawn status Lost status Source of classification or shelving scheme Damaged status Not for loan Collection code Home library Current library Date acquired Total Checkouts Full call number Date last seen Price effective from Koha item type Public note
    Dewey Decimal Classification     Periodicals UM Digos College - LIC UM Digos College - LIC 02/08/2024   DPer 621.381 In821 April 2022 v. 37 n. 4 02/08/2024 02/08/2024 Periodicals Periodical Article